| 000 | 01202nam a2200301 i 4500 | ||
|---|---|---|---|
| 003 | DO-SdBNP | ||
| 005 | 20240412151915.0 | ||
| 006 | a||||dr|||| 00| 0 | ||
| 007 | ta | ||
| 008 | 240412b dr a|||| |||| 00| 0 spa d | ||
| 040 |
_aDO-SdBNP _bspa _cBNPHU _erda |
||
| 082 | 4 |
_222 _a547 _bB862q, 6to |
|
| 100 | 1 |
_aBrito, Franklin, _eautor _950157 |
|
| 245 | 1 | 0 |
_aQuímica Orgánica: _b6to. curso educación primaria / _cFranklin Brito, Antonio Monzo. |
| 246 |
_aQuímica Orgánica: _bsexto curso educación primaria |
||
| 264 |
_aSanto Domingo : _bCorripio, _c[199-?]. |
||
| 300 |
_a229 páginas : _bIlustraciones ; _c23 cm. |
||
| 336 |
_2rdacontent _atexto _btxt |
||
| 337 |
_2rdamedia _asinmediación _bn |
||
| 338 |
_2rdacarrier _avolumen _bnc |
||
| 505 |
_aUnidad No. 1. Introducción. _tUnidad No.2. Hidrocarburos alifatáticos y aromáticos.-- _tUnidad No. 3 Funciones exigenadas.-- _tUnidad No. 4. Funciones nitrogenada. |
||
| 590 | _aInventariado 2024 / MF | ||
| 650 |
_aQuímica orgánica _xLibros de texto _950158 |
||
| 650 |
_aQuímica orgánica _xEnseñanza secundaria _950159 |
||
| 650 |
_aQuímica orgánica _xNomenclatura _950160 |
||
| 700 | 1 |
_aMonzo, Antonio _950161 _eautor |
|
| 942 |
_2ddc _cLBS1 |
||
| 999 |
_c56385 _d56385 |
||